[Event "Turkish Club Cup 2019"]
[Site "Konya"]
[Date "2019.07.17"]
[Round "3"]
[White "Yilmaz, Kayra"]
[Black "Sayin, Atakan"]
[Result "1-0"]
[WhiteElo "1512"]
[BlackElo "1925"]
[Annotator "NA"]
[PlyCount "85"]
[EventDate "2019.07.16"]
[EventType "team-tourn"]
[EventCountry "TUR"]
[SourceTitle "playchess.com"]
[Source "ChessBase"]
[SourceQuality "1"]
[TimeControl "5400+30"]

1. e4 e6 2. b3 d5 3. Bb2 dxe4 4. Nc3 Nf6 5. Qe2 Nbd7 6. g4 b6 7. Bg2 Bb7 8. Nxe4 Nd5 9. Nh3 Nb4 {[%emt 0:59:30]} 10. O-O-O {[%emt 0:57:00]} Nc5 {[%emt 0:05:30]} 11. f4 {[%emt 0:11:30]} Bxe4 {[%emt 0:10:54]} 12. Bxe4 {[%emt 0:00:30]} Nxe4 {[%emt 0:01:10]} 13. Qxe4 {[%emt 0:00:00]} Qd5 {[%emt 0:00:10]} 14. Qxd5 {[%emt 0:02:00]} Nxd5 {[%emt 0:01:00]} 15. f5 {[%emt 0:02:30]} h5 {[%emt 0:03:45]} 16. Ng5 {[%emt 0:02:30]} hxg4 {[%emt 0:00:32]} 17. fxe6 {[%emt 0:01:30]} f6 {[%emt 0:00:35]} 18. Ne4 {[%emt 0:05:05]} Nf4 {[%emt 0:04:00]} 19. Rde1 {[%emt 0:01:52]} Nxe6 {[%emt 0:07:34]} 20. Nxf6+ {[%emt 0:01:54]} gxf6 {[%emt 0:02:12]} 21. Rxe6+ {[%emt 0:00:10]} Kd7 {[%emt 0:01:03]} 22. Rxf6 {[%emt 0:00:57]} Bd6 {[%emt 0:01:26]} 23. Rf7+ {[%emt 0:04:29]} Ke6 {[%emt 0:00:22]} 24. Rhf1 {[%emt 0:01:25]} Rhf8 {[%emt 0:01:10]} 25. R1f6+ {[%emt 0:02:18]} Kd5 {[%emt 0:00:04]} 26. c4+ {[%emt 0:00:46]} Kc6 {[%emt 0:00:39]} 27. Rxf8 {[%emt 0:01:44]} Rxf8 {[%emt 0:00:30]} 28. Rxf8 {[%emt 0:00:30]} Bxf8 {[%emt 0:00:00]} 29. Be5 {[%emt 0:00:00]} Kd7 {[%emt 0:00:20]} 30. d4 {[%emt 0:02:19]} c6 {[%emt 0:00:03]} 31. Kd2 {[%emt 0:00:44]} Ke6 {[%emt 0:00:03]} 32. Ke3 {[%emt 0:00:53]} Kf5 {[%emt 0:00:08]} 33. Bb8 {[%emt 0:00:32]} Bh6+ {[%emt 0:00:51]} 34. Kf2 {[%emt 0:00:57]} a6 {[%emt 0:00:44]} 35. Bc7 {[%emt 0:00:23]} b5 {[%emt 0:00:40]} 36. cxb5 {[%emt 0:00:18]} cxb5 {[%emt 0:00:37]} 37. d5 {[%emt 0:00:33]} Ke4 {[%emt 0:02:14]} 38. d6 {[%emt 0:01:23]} Bf4 {[%emt 0:00:22]} 39. Bb8 {[%emt 0:00:52]} Bxd6 {[%emt 0:01:18]} 40. Bxd6 {[%emt 0:00:30]} Kd3 {[%emt 0:00:00]} 41. b4 {[%emt 0:00:14]} Kc2 {[%emt 0:00:02]} 42. Kg3 {[%emt 0:00:30]} Kb2 {[%emt 0:00:00]} 43. Kxg4 {[%emt 0:00:00]} 1-0

[Event "Turkish Club Cup 2019"]
[Site "Konya"]
[Date "2019.07.17"]
[Round "3"]
[White "Koc, Bugra Ege"]
[Black "Kaptan, Emre Akin"]
[Result "0-1"]
[WhiteElo "1493"]
[BlackElo "1883"]
[Annotator "NA"]
[PlyCount "58"]
[EventDate "2019.07.16"]
[EventType "team-tourn"]
[EventCountry "TUR"]
[SourceTitle "playchess.com"]
[Source "ChessBase"]
[SourceQuality "1"]
[TimeControl "5400+30"]

1. d4 {[%emt 0:00:30]} Nf6 {[%emt 0:00:30]} 2. Nf3 {[%emt 0:00:00]} e6 {[%emt 0:00:30]} 3. g3 {[%emt 0:00:00]} d5 {[%emt 0:00:30]} 4. Bg2 {[%emt 0:00:30]} Be7 {[%emt 0:00:00]} 5. O-O {[%emt 0:00:30]} O-O {[%emt 0:00:00]} 6. c4 {[%emt 0:00:00]} b6 {[%emt 0:00:30]} 7. Nc3 {[%emt 0:02:00]} Bb7 {[%emt 0:00:00]} 8. cxd5 {[%emt 0:01:30]} exd5 {[%emt 0:00:00]} 9. Qc2 {[%emt 0:01:30]} Nbd7 {[%emt 0:01:30]} 10. Rd1 {[%emt 0:02:30]} Bd6 {[%emt 0:05:30]} 11. b3 {[%emt 0:08:30]} Re8 {[%emt 0:01:30]} 12. Bb2 {[%emt 0:01:30]} Qe7 {[%emt 0:04:30]} 13. e3 {[%emt 0:05:30]} a6 {[%emt 0:01:30]} 14. Rac1 {[%emt 0:02:30]} Rac8 {[%emt 0:01:30]} 15. Qb1 {[%emt 0:05:30]} Ne4 {[%emt 0:05:30]} 16. Nxe4 {[%emt 0:23:30]} dxe4 {[%emt 0:00:30]} 17. Nd2 {[%emt 0:00:30]} b5 {[%emt 0:00:00]} 18. Qa1 {[%emt 0:03:30]} f5 {[%emt 0:00:00]} 19. Nb1 {[%emt 0:02:30]} Nf6 {[%emt 0:02:30]} 20. Nc3 {[%emt 0:02:30]} Nd5 {[%emt 0:00:30]} 21. Nxd5 {[%emt 0:03:30]} Bxd5 {[%emt 0:00:30]} 22. Qb1 {[%emt 0:00:30]} g5 {[%emt 0:00:00]} 23. Bh3 {[%emt 0:07:30]} Rf8 {[%emt 0:00:00]} 24. Qc2 {[%emt 0:02:30]} Rf6 {[%emt 0:03:30]} 25. Qe2 {[%emt 0:03:45]} Qf7 {[%emt 0:03:30]} 26. Bg2 {[%emt 0:13:23]} Rf8 {[%emt 0:01:30]} 27. Rf1 {[%emt 0:02:30]} Rh6 {[%emt 0:08:30]} 28. f3 {[%emt 0:01:47]} Qh5 {[%emt 0:00:00]} 29. Rfd1 {[%emt 0:03:10]} exf3 {[%emt 0:00:00]} 0-1

[Event "Turkish Club Cup 2019"]
[Site "Konya"]
[Date "2019.07.17"]
[Round "3"]
[White "Koyuncu, Haticesu"]
[Black "Sen, Nehir"]
[Result "1/2-1/2"]
[WhiteElo "1454"]
[BlackElo "1307"]
[Annotator "NA"]
[PlyCount "83"]
[EventDate "2019.07.16"]
[EventType "team-tourn"]
[EventCountry "TUR"]
[SourceTitle "playchess.com"]
[Source "ChessBase"]
[SourceQuality "1"]
[TimeControl "5400+30"]

1. d4 Nf6 2. Nf3 d5 3. Bf4 g6 4. e3 Bg7 5. Bd3 O-O 6. Nbd2 c5 7. c3 Qb6 8. Qc1 Nc6 9. O-O Nh5 10. Bg5 f6 11. Bh4 cxd4 12. cxd4 Nb4 13. Ne1 Bd7 14. Qd1 Bh6 15. a3 Nxd3 16. Nxd3 Bb5 17. Nf3 Ng7 {[%emt 0:57:30]} 18. Re1 {[%emt 0:54:00]} Bxd3 {[%emt 0:00:30]} 19. Qxd3 {[%emt 0:00:30]} Nf5 {[%emt 0:01:30]} 20. Rec1 {[%emt 0:04:30]} Rac8 {[%emt 0:04:30]} 21. b4 {[%emt 0:04:30]} Nd6 {[%emt 0:01:30]} 22. Nd2 {[%emt 0:01:30]} Qb5 {[%emt 0:02:30]} 23. Qb3 {[%emt 0:14:30]} Nf5 {[%emt 0:06:30]} 24. Nf3 {[%emt 0:01:30]} b6 {[%emt 0:14:29]} 25. Bg3 {[%emt 0:04:44]} Nxg3 {[%emt 0:00:30]} 26. hxg3 {[%emt 0:00:30]} e6 {[%emt 0:00:30]} 27. Rc3 {[%emt 0:00:30]} Rxc3 {[%emt 0:00:30]} 28. Qxc3 {[%emt 0:00:30]} Qc4 {[%emt 0:01:51]} 29. Qxc4 {[%emt 0:03:49]} dxc4 {[%emt 0:00:05]} 30. Nd2 {[%emt 0:07:47]} Rc8 {[%emt 0:03:29]} 31. Ne4 {[%emt 0:01:14]} f5 {[%emt 0:00:26]} 32. Nc3 {[%emt 0:00:43]} Bg7 {[%emt 0:01:44]} 33. f4 {[%emt 0:00:45]} Kf8 {[%emt 0:02:41]} 34. Kf2 {[%emt 0:01:21]} h5 {[%emt 0:00:08]} 35. Ke2 {[%emt 0:00:47]} Bf6 {[%emt 0:00:15]} 36. Kd2 {[%emt 0:01:05]} h4 {[%emt 0:00:33]} 37. gxh4 {[%emt 0:00:38]} Bxh4 {[%emt 0:00:01]} 38. Rh1 {[%emt 0:00:04]} Bf6 {[%emt 0:00:19]} 39. g3 {[%emt 0:00:27]} Kg7 {[%emt 0:00:43]} 40. Kc2 {[%emt 0:01:14]} a6 {[%emt 0:03:21]} 41. Ne2 {[%emt 0:01:13]} b5 {[%emt 0:00:31]} 42. Nc3 {[%emt 0:01:03]} 1/2-1/2

[Event "Turkish Club Cup 2019"]
[Site "Konya"]
[Date "2019.07.17"]
[Round "3"]
[White "Turk, Sarp"]
[Black "Iyiol, Mehmet"]
[Result "0-1"]
[WhiteElo "1448"]
[BlackElo "1857"]
[Annotator "NA"]
[PlyCount "76"]
[EventDate "2019.07.16"]
[EventType "team-tourn"]
[EventCountry "TUR"]
[SourceTitle "playchess.com"]
[Source "ChessBase"]
[SourceQuality "1"]
[TimeControl "5400+30"]

1. e4 e6 2. Nf3 d5 3. Nc3 Nf6 4. e5 Nfd7 5. d4 c5 6. dxc5 Nc6 7. Bf4 Bxc5 8. Bd3 a6 9. O-O Be7 10. Re1 g5 11. Bg3 h5 12. h3 Rg8 13. Ne2 g4 14. hxg4 hxg4 15. Nfd4 Ndxe5 16. c3 Qb6 17. b3 Bd7 18. Qc2 Rc8 {[%emt 0:46:00]} 19. Rad1 {[%emt 1:06:30]} Rh8 {[%emt 0:05:30]} 20. Nxc6 {[%emt 0:05:30]} Nxc6 {[%emt 0:00:30]} 21. Nf4 {[%emt 0:02:30]} Kf8 {[%emt 0:10:30]} 22. Qe2 {[%emt 0:03:30]} Bf6 {[%emt 0:02:30]} 23. Rc1 {[%emt 0:02:30]} Ne5 {[%emt 0:11:30]} 24. Nxe6+ {[%emt 0:05:17]} Qxe6 {[%emt 0:00:30]} 25. Bxe5 {[%emt 0:00:03]} Bxe5 {[%emt 0:00:30]} 26. Qxe5 {[%emt 0:00:24]} Qh6 {[%emt 0:00:30]} 27. f3 {[%emt 0:12:02]} Re8 {[%emt 0:03:30]} 28. Qg3 {[%emt 0:00:44]} Qb6+ {[%emt 0:01:30]} 29. Qf2 {[%emt 0:00:50]} Rxe1+ {[%emt 0:01:30]} 30. Rxe1 {[%emt 0:00:33]} Rh1+ {[%emt 0:00:30]} 31. Kxh1 {[%emt 0:00:19]} Qxf2 {[%emt 0:00:00]} 32. Rf1 {[%emt 0:00:10]} Qh4+ {[%emt 0:00:00]} 33. Kg1 {[%emt 0:00:30]} g3 {[%emt 0:00:00]} 34. Re1 {[%emt 0:00:03]} Qh2+ {[%emt 0:01:00]} 35. Kf1 {[%emt 0:00:30]} Qh1+ {[%emt 0:00:30]} 36. Ke2 {[%emt 0:00:00]} Qxg2+ {[%emt 0:00:00]} 37. Kd1 {[%emt 0:00:01]} Qxf3+ {[%emt 0:00:00]} 38. Be2 {[%emt 0:00:12]} Qxc3 {[%emt 0:00:00]} 0-1

[Event "Turkish Club Cup 2019"]
[Site "Konya"]
[Date "2019.07.17"]
[Round "3"]
[White "Hekimoglu, Mihriban"]
[Black "Yalcin, Sudenaz"]
[Result "0-1"]
[WhiteElo "1440"]
[BlackElo "1371"]
[Annotator "NA"]
[PlyCount "110"]
[EventDate "2019.07.16"]
[EventType "team-tourn"]
[EventCountry "TUR"]
[SourceTitle "playchess.com"]
[Source "ChessBase"]
[SourceQuality "1"]
[TimeControl "5400+30"]

1. d4 Nf6 2. Nf3 d6 3. Bg5 g6 4. Bxf6 exf6 5. e4 Bg7 6. Bc4 O-O 7. O-O f5 8. exf5 Bxf5 9. c3 Nc6 10. Nbd2 Qd7 11. Bb3 Rfe8 12. d5 Ne5 13. Nd4 Bd3 14. Re1 Ba6 15. Ba4 b5 16. Bc2 Bb7 17. a4 a6 18. axb5 axb5 19. Rxa8 Rxa8 20. f4 Ng4 21. Nc6 Nf6 22. Re7 Qc8 23. Nf3 Bf8 24. Re1 Qd7 25. Qd4 Nxd5 26. Qxd5 Bxc6 27. Qd3 Bg7 28. Bb3 Bb7 29. Ng5 d5 30. Nf3 c5 31. Bc2 c4 32. Qd2 Qd6 33. Kf1 Qd7 34. Ng5 h6 35. Ne4 Qc7 36. Ng3 Rd8 37. f5 g5 38. Kg1 Be5 39. Nf1 Bc8 40. h3 Qb6+ 41. Kh1 Qf6 42. Ne3 Qd6 43. Ng4 f6 44. Nxh6+ Kg7 45. Ng4 Re8 46. h4 Bf4 47. Qd1 Rh8 48. Kg1 Rxh4 49. Re8 Bh2+ 50. Kf1 Qf4+ 51. Qf3 Qc1+ 52. Bd1 Bf4 53. Rxc8 Rh1+ 54. Kf2 Rxd1 55. Ne3 Rd2+ 0-1

[Event "Turkish Club Cup 2019"]
[Site "Konya"]
[Date "2019.07.17"]
[Round "3"]
[White "Karasakal, Deniz"]
[Black "Cingoz, Isil"]
[Result "1-0"]
[WhiteElo "1430"]
[BlackElo "1123"]
[Annotator "NA"]
[PlyCount "115"]
[EventDate "2019.07.16"]
[EventType "team-tourn"]
[EventCountry "TUR"]
[SourceTitle "playchess.com"]
[Source "ChessBase"]
[SourceQuality "1"]
[TimeControl "5400+30"]

1. e4 {[%emt 0:00:30]} e6 {[%emt 0:00:30]} 2. d4 {[%emt 0:00:30]} d5 {[%emt 0:00:30]} 3. exd5 {[%emt 0:00:00]} exd5 {[%emt 0:00:00]} 4. Bd3 {[%emt 0:00:00]} c5 {[%emt 0:00:00]} 5. c3 {[%emt 0:00:30]} Nc6 {[%emt 0:00:30]} 6. Ne2 {[%emt 0:00:30]} Nf6 {[%emt 0:00:30]} 7. Bf4 {[%emt 0:01:30]} Nh5 {[%emt 0:02:30]} 8. Be3 {[%emt 0:03:30]} c4 {[%emt 0:02:30]} 9. Bc2 {[%emt 0:00:00]} Bd6 {[%emt 0:00:30]} 10. Ng3 {[%emt 0:02:00]} Nxg3 {[%emt 0:00:30]} 11. hxg3 {[%emt 0:00:30]} g6 {[%emt 0:01:30]} 12. Qf3 {[%emt 0:01:30]} Be6 {[%emt 0:01:30]} 13. Bh6 {[%emt 0:04:30]} Rg8 {[%emt 0:01:30]} 14. Nd2 {[%emt 0:01:30]} Qb6 {[%emt 0:01:30]} 15. Rb1 {[%emt 0:09:30]} f5 {[%emt 0:04:30]} 16. Kf1 {[%emt 0:10:30]} O-O-O {[%emt 0:05:30]} 17. Bg5 {[%emt 0:02:30]} Rd7 {[%emt 0:01:30]} 18. b3 {[%emt 0:00:30]} cxb3 {[%emt 0:01:30]} 19. Bxb3 {[%emt 0:00:30]} Na5 {[%emt 0:01:30]} 20. Ba4 {[%emt 0:05:30]} Qc7 {[%emt 0:05:30]} 21. Bxd7+ {[%emt 0:00:30]} Qxd7 {[%emt 0:00:30]} 22. Qd3 {[%emt 0:04:30]} a6 {[%emt 0:00:30]} 23. f4 {[%emt 0:07:30]} h5 {[%emt 0:03:30]} 24. Nf3 {[%emt 0:00:30]} Qa4 {[%emt 0:00:30]} 25. Qe2 {[%emt 0:03:30]} Bd7 {[%emt 0:00:30]} 26. Kf2 {[%emt 0:00:30]} Re8 {[%emt 0:00:30]} 27. Ne5 {[%emt 0:00:30]} Bb5 {[%emt 0:01:30]} 28. Qb2 {[%emt 0:01:30]} Ba3 {[%emt 0:02:30]} 29. Qd2 {[%emt 0:01:30]} Nc4 {[%emt 0:01:30]} 30. Nxc4 {[%emt 0:01:30]} Qxc4 {[%emt 0:00:30]} 31. Rhe1 {[%emt 0:00:00]} Re4 {[%emt 0:01:30]} 32. Kg1 {[%emt 0:03:00]} Kd7 {[%emt 0:04:30]} 33. Kh2 {[%emt 0:03:30]} Qc7 {[%emt 0:05:30]} 34. Rb3 {[%emt 0:05:30]} Qa5 {[%emt 0:01:30]} 35. Rxe4 {[%emt 0:07:30]} dxe4 {[%emt 0:00:30]} 36. Qe3 {[%emt 0:03:11]} Bc6 {[%emt 0:01:30]} 37. c4 {[%emt 0:02:38]} Bb4 {[%emt 0:00:30]} 38. Rb2 {[%emt 0:06:12]} Bc3 {[%emt 0:01:30]} 39. Rc2 {[%emt 0:00:59]} Bb4 {[%emt 0:00:30]} 40. d5 {[%emt 0:00:20]} Ba4 {[%emt 0:01:30]} 41. Rb2 {[%emt 0:04:52]} Bc5 {[%emt 0:01:30]} 42. Qc1 {[%emt 0:01:30]} b6 {[%emt 0:00:30]} 43. Re2 {[%emt 0:00:44]} b5 {[%emt 0:08:30]} 44. Qa1 {[%emt 0:01:39]} Bf8 {[%emt 0:01:30]} 45. Qf6 {[%emt 0:01:03]} bxc4 {[%emt 0:11:30]} 46. Qxf8 {[%emt 0:00:47]} Qxd5 {[%emt 0:02:30]} 47. Qd8+ {[%emt 0:00:22]} Kc6 {[%emt 0:00:30]} 48. Qxd5+ {[%emt 0:00:38]} Kxd5 {[%emt 0:00:30]} 49. Bf6 {[%emt 0:00:00]} Bb5 {[%emt 0:00:00]} 50. Rd2+ {[%emt 0:00:41]} Kc5 {[%emt 0:00:00]} 51. a3 {[%emt 0:00:17]} e3 {[%emt 0:01:30]} 52. Bd4+ {[%emt 0:00:17]} Kd5 {[%emt 0:00:30]} 53. Bxe3+ {[%emt 0:00:37]} Ke4 {[%emt 0:00:30]} 54. Bd4 {[%emt 0:00:16]} Kd5 {[%emt 0:01:30]} 55. Bc3+ {[%emt 0:00:49]} Kc5 {[%emt 0:00:30]} 56. Bb4+ {[%emt 0:00:00]} Kc6 {[%emt 0:00:30]} 57. Rd6+ {[%emt 0:00:00]} Kb7 {[%emt 0:00:30]} 58. Rxg6 {[%emt 0:00:03]} 1-0

[Event "Turkish Club Cup 2019"]
[Site "Konya"]
[Date "2019.07.17"]
[Round "3"]
[White "Koca, Yildiray"]
[Black "Yasin, Hur"]
[Result "0-1"]
[WhiteElo "1418"]
[BlackElo "1953"]
[Annotator "NA"]
[PlyCount "62"]
[EventDate "2019.07.16"]
[EventType "team-tourn"]
[EventCountry "TUR"]
[SourceTitle "playchess.com"]
[Source "ChessBase"]
[SourceQuality "1"]
[TimeControl "5400+30"]

1. e4 c5 2. Nf3 a6 3. d4 cxd4 4. Nxd4 Nf6 5. Nc3 e5 6. Nf3 Bb4 7. Bc4 Qc7 8. Qd3 b5 9. Bd5 Nxd5 10. exd5 d6 11. O-O Nd7 12. Ne4 h6 13. c3 Ba5 14. Be3 O-O 15. Qd2 f5 16. Bxh6 fxe4 17. Ng5 Nf6 18. Ne6 Bxe6 19. dxe6 gxh6 20. Qxh6 Rae8 21. f4 exf4 22. Rxf4 Qg7 23. Qh3 Bb6+ 24. Kh1 Re7 25. Raf1 Nh7 26. Rxf8+ Nxf8 27. Rf4 Qe5 {[%emt 0:54:30]} 28. Rf5 {[%emt 0:55:00]} Qxe6 {[%emt 0:00:30]} 29. Qg4+ {[%emt 0:00:30]} Ng6 {[%emt 0:00:30]} 30. h4 {[%emt 0:00:30]} e3 {[%emt 0:12:30]} 31. h5 {[%emt 0:01:30]} e2 {[%emt 0:05:30]} 0-1

[Event "Turkish Club Cup 2019"]
[Site "Konya"]
[Date "2019.07.17"]
[Round "3"]
[White "Kiziltas, Ece Su"]
[Black "Zeybek, Merve"]
[Result "1-0"]
[WhiteElo "1400"]
[BlackElo "1121"]
[Annotator "NA"]
[PlyCount "47"]
[EventDate "2019.07.16"]
[EventType "team-tourn"]
[EventCountry "TUR"]
[SourceTitle "playchess.com"]
[Source "ChessBase"]
[SourceQuality "1"]
[TimeControl "5400+30"]

1. d4 {[%emt 0:00:30]} d5 {[%emt 0:00:30]} 2. Nf3 {[%emt 0:00:00]} Nf6 {[%emt 0:01:30]} 3. g3 {[%emt 0:01:00]} Bf5 {[%emt 0:00:30]} 4. Bg2 {[%emt 0:00:30]} e6 {[%emt 0:00:30]} 5. O-O {[%emt 0:00:30]} Be7 {[%emt 0:00:30]} 6. c4 {[%emt 0:00:00]} c6 {[%emt 0:00:30]} 7. Nc3 {[%emt 0:01:00]} O-O {[%emt 0:01:30]} 8. b3 {[%emt 0:02:30]} Nbd7 {[%emt 0:02:30]} 9. Bb2 {[%emt 0:02:30]} Re8 {[%emt 0:04:30]} 10. Nh4 {[%emt 0:02:30]} Bg6 {[%emt 0:05:30]} 11. Nxg6 {[%emt 0:00:30]} hxg6 {[%emt 0:01:30]} 12. e4 {[%emt 0:09:30]} Nb6 {[%emt 0:04:30]} 13. c5 {[%emt 0:02:30]} Nc8 {[%emt 0:00:30]} 14. e5 {[%emt 0:00:30]} Nd7 {[%emt 0:01:30]} 15. h4 {[%emt 0:04:30]} f6 {[%emt 0:00:30]} 16. f4 {[%emt 0:03:30]} Kf7 {[%emt 0:04:30]} 17. h5 {[%emt 0:01:30]} gxh5 {[%emt 0:00:30]} 18. Qxh5+ {[%emt 0:00:30]} Kf8 {[%emt 0:01:30]} 19. f5 {[%emt 0:01:30]} Bxc5 {[%emt 0:02:30]} 20. dxc5 {[%emt 0:04:30]} Nxe5 {[%emt 0:01:30]} 21. fxe6 {[%emt 0:01:30]} Rxe6 {[%emt 0:00:30]} 22. Qh8+ {[%emt 0:00:30]} Ke7 {[%emt 0:01:30]} 23. Qxg7+ {[%emt 0:00:30]} Nf7 {[%emt 0:00:30]} 24. Rae1 {[%emt 0:00:30]} 1-0

[Event "Turkish Club Cup 2019"]
[Site "Konya"]
[Date "2019.07.17"]
[Round "3"]
[White "Demir, Aleyna"]
[Black "Acar, Selen"]
[Result "1-0"]
[WhiteElo "1354"]
[BlackElo "1283"]
[Annotator "NA"]
[PlyCount "109"]
[EventDate "2019.07.16"]
[EventType "team-tourn"]
[EventCountry "TUR"]
[SourceTitle "playchess.com"]
[Source "ChessBase"]
[SourceQuality "1"]
[TimeControl "5400+30"]

1. e4 c5 2. Nf3 d6 3. Bb5+ Bd7 4. Bxd7+ Qxd7 5. d4 cxd4 6. Nxd4 Nf6 7. Nc3 g6 8. O-O Bg7 9. Kh1 O-O 10. f3 Nc6 11. Be3 Ne5 12. Bf2 Rac8 13. Qe2 Nh5 14. Nd5 e6 15. Ne3 a6 16. Qd2 Nc4 17. Nxc4 Rxc4 18. c3 d5 19. Nb3 Nf6 20. Rad1 Qc7 21. Bg3 Qc8 22. exd5 Nxd5 23. Qe2 Nf4 24. Bxf4 Rxf4 25. Qd2 Rh4 26. Qg5 Rh5 27. Qe7 Re8 28. Qd7 Be5 29. f4 Bc7 30. Qxc8 Rxc8 31. g3 g5 32. Rd3 gxf4 33. gxf4 Rf5 34. Rdf3 Kh8 35. Nd4 Rh5 36. Ne2 Rd8 37. Ng3 Rh6 38. R3f2 Rd3 39. Ne4 Re3 40. Ng5 Rf6 41. Rf3 Rxf3 42. Rxf3 Bxf4 43. Ne4 Rf5 44. Rh3 b5 45. b4 e5 46. Nc5 Rf6 47. Ne4 Rc6 48. Kg2 f5 49. Nc5 Rg6+ 50. Kf2 Kg8 51. Rh5 Rf6 52. Nd3 Rh6 53. Nxf4 Rxh5 54. Nxh5 Kf7 55. Kf3 1-0

[Event "Turkish Club Cup 2019"]
[Site "Konya"]
[Date "2019.07.17"]
[Round "3"]
[White "Dogan, Eylem Su"]
[Black "Ozgur, Sina"]
[Result "0-1"]
[WhiteElo "1285"]
[BlackElo "1524"]
[Annotator "NA"]
[PlyCount "86"]
[EventDate "2019.07.16"]
[EventType "team-tourn"]
[EventCountry "TUR"]
[SourceTitle "playchess.com"]
[Source "ChessBase"]
[SourceQuality "1"]
[TimeControl "5400+30"]

1. d4 {[%emt 0:00:30]} Nf6 {[%emt 0:00:30]} 2. c4 {[%emt 0:00:00]} g6 {[%emt 0:00:30]} 3. Nc3 {[%emt 0:00:00]} d5 {[%emt 0:00:00]} 4. Nf3 {[%emt 0:00:30]} Bg7 {[%emt 0:00:00]} 5. e3 {[%emt 0:01:30]} O-O {[%emt 0:00:30]} 6. Bd3 {[%emt 0:00:30]} c5 {[%emt 0:01:30]} 7. b3 {[%emt 0:06:30]} Nc6 {[%emt 0:00:30]} 8. Bb2 {[%emt 0:01:30]} cxd4 {[%emt 0:04:30]} 9. Nxd4 {[%emt 0:01:30]} e5 {[%emt 0:02:30]} 10. Nxc6 {[%emt 0:03:30]} bxc6 {[%emt 0:00:30]} 11. cxd5 {[%emt 0:00:30]} cxd5 {[%emt 0:00:00]} 12. Bb5 {[%emt 0:03:30]} Qd6 {[%emt 0:03:00]} 13. O-O {[%emt 0:05:30]} a6 {[%emt 0:01:30]} 14. Be2 {[%emt 0:01:30]} Rd8 {[%emt 0:01:30]} 15. Rc1 {[%emt 0:05:30]} Bb7 {[%emt 0:01:30]} 16. Qd3 {[%emt 0:03:30]} Rac8 {[%emt 0:01:30]} 17. Rcd1 {[%emt 0:02:30]} Rc7 {[%emt 0:06:30]} 18. h3 {[%emt 0:06:30]} Rcd7 {[%emt 0:02:30]} 19. Na4 {[%emt 0:03:30]} d4 {[%emt 0:05:30]} 20. exd4 {[%emt 0:04:30]} exd4 {[%emt 0:01:30]} 21. f3 {[%emt 0:02:30]} Nh5 {[%emt 0:01:30]} 22. Bc1 {[%emt 0:05:30]} Qg3 {[%emt 0:03:30]} 23. Rf2 {[%emt 0:03:30]} Be5 {[%emt 0:14:30]} 24. f4 {[%emt 0:02:30]} Nxf4 {[%emt 0:11:30]} 25. Qxg3 {[%emt 0:00:30]} Nxe2+ {[%emt 0:00:30]} 26. Rxe2 {[%emt 0:00:30]} Bxg3 {[%emt 0:00:30]} 27. Rd3 {[%emt 0:03:30]} Bh4 {[%emt 0:02:30]} 28. Bf4 {[%emt 0:03:30]} Bc6 {[%emt 0:06:30]} 29. Nb6 {[%emt 0:03:30]} Bb5 {[%emt 0:02:30]} 30. Nxd7 {[%emt 0:03:30]} Bxd3 {[%emt 0:00:30]} 31. Rd2 {[%emt 0:00:00]} Rxd7 {[%emt 0:01:30]} 32. Rxd3 {[%emt 0:00:00]} Be1 {[%emt 0:02:30]} 33. Bd2 {[%emt 0:02:30]} Bxd2 {[%emt 0:00:30]} 34. Rxd2 {[%emt 0:00:30]} f5 {[%emt 0:00:30]} 35. Kf2 {[%emt 0:00:30]} Kf7 {[%emt 0:00:00]} 36. Kf3 {[%emt 0:02:56]} Ke6 {[%emt 0:00:00]} 37. g3 {[%emt 0:01:58]} h6 {[%emt 0:01:30]} 38. Kf4 {[%emt 0:06:21]} g5+ {[%emt 0:01:30]} 39. Kf3 {[%emt 0:00:06]} Kd5 {[%emt 0:00:00]} 40. Rd1 {[%emt 0:03:54]} Rc7 {[%emt 0:00:00]} 41. Ke2 {[%emt 0:04:07]} Rc2+ {[%emt 0:00:30]} 42. Kd3 {[%emt 0:01:04]} Rc3+ {[%emt 0:00:30]} 43. Ke2 {[%emt 0:00:46]} Rxg3 {[%emt 0:00:30]} 0-1

[Event "Turkish Club Cup 2019"]
[Site "Konya"]
[Date "2019.07.17"]
[Round "3"]
[White "Ozkan, Elif"]
[Black "Yalcin, Nehir"]
[Result "0-1"]
[WhiteElo "1240"]
[BlackElo "1392"]
[Annotator "NA"]
[PlyCount "65"]
[EventDate "2019.07.16"]
[EventType "team-tourn"]
[EventCountry "TUR"]
[SourceTitle "playchess.com"]
[Source "ChessBase"]
[SourceQuality "1"]
[TimeControl "5400+30"]

1. d4 Nf6 2. c4 g6 3. Nc3 Bg7 4. Bg5 d6 5. Bxf6 Bxf6 6. e3 Nd7 7. Nf3 Bg7 8. Qc2 O-O 9. Bd3 c5 10. d5 Ne5 11. Nxe5 Bxe5 12. Rc1 Bd7 13. Qd2 a6 14. h4 h5 15. f4 {[%emt 1:00:30]} Bg7 {[%emt 0:51:30]} 16. Ne2 {[%emt 0:07:30]} Qc8 {[%emt 0:06:30]} 17. Ng3 {[%emt 0:01:30]} b5 {[%emt 0:03:30]} 18. Qc2 {[%emt 0:09:30]} Rb8 {[%emt 0:04:30]} 19. Rb1 {[%emt 0:00:53]} Ra8 {[%emt 0:04:30]} 20. a3 {[%emt 0:05:09]} Rb8 {[%emt 0:06:30]} 21. Rf1 {[%emt 0:06:12]} Bf6 {[%emt 0:02:30]} 22. Rh1 {[%emt 0:02:22]} Bg4 {[%emt 0:02:03]} 23. cxb5 {[%emt 0:02:48]} axb5 {[%emt 0:02:40]} 24. f5 {[%emt 0:00:49]} Be5 {[%emt 0:00:38]} 25. Ne2 {[%emt 0:03:22]} c4 {[%emt 0:04:49]} 26. fxg6 {[%emt 0:01:39]} cxd3 {[%emt 0:00:35]} 27. gxf7+ {[%emt 0:00:12]} Rxf7 {[%emt 0:00:54]} 28. Qxd3 {[%emt 0:00:10]} Qf5 {[%emt 0:03:38]} 29. Qxf5 {[%emt 0:00:42]} Bxf5 {[%emt 0:00:17]} 30. Rd1 {[%emt 0:00:51]} Bxb2 {[%emt 0:01:05]} 31. Ng3 {[%emt 0:00:38]} Bc3+ {[%emt 0:00:24]} 32. Kf2 {[%emt 0:01:13]} Bg4+ {[%emt 0:00:30]} 33. Kg1 {[%emt 0:00:30]} 0-1